• 首页
  • 本馆介绍
  • 公告通知
  • 最新文献
  • 馆藏检索
  • 电子资源
  • 读者导购
  • 参考咨询
  • 我的图书馆
  • 登录
  • 详细信息显示
  • 放入我的书架
  • 预约/预借图书
  • 作者相关作品
  • 分类相关作品
  • 丛书相关作品
  • 出版社相关作品

书目信息

  • 表格格式
  • 工作单格式
  • 卡片格式
题名:
这样煲汤才滋补
    
 
作者: 萨巴蒂娜 主编
分册:  
出版信息: 北京   中国轻工业出版社  2019
页数: 183页
开本: 24cm
丛书名:
单 册:
中图分类: TS972.122.2 , TS972.12
科图分类:
主题词: 保健--汤菜--菜谱
电子资源:
ISBN: 978-7-5184-2651-5
000 00821nam0 2200241 450
001 2376632244
005 20230923211720.63
010    @a978-7-5184-2651-5@dCNY39.80
100    @a20191029d2019 em y0chiy50 ea
101 0  @achi
102    @aCN@b110000
105    @aa z 000yy
200 1  @a这样煲汤才滋补@Azhe yang bao tang cai zi bu@f萨巴蒂娜主编
210    @a北京@c中国轻工业出版社@d2019
215    @a183页@c彩图@d24cm
300    @a轻料理
330    @a本书中每一道煲汤食谱,食材都经过精心的搭配。跟随步骤图解和烹饪要点,只要把食材放进锅中,煲汤就不再是一件难事。简单易懂的营养指南,让你轻松选择出更适合自己体质的汤水。
606 0  @a保健@x汤菜@x菜谱
690    @aTS972.122.2@v5
690    @aTS972.12@v4
701  0 @a萨巴蒂娜@Asa ba di na@4主编
801  0 @aCN@b安徽时代@c20230923
905    @aBZT@dTS972.12@e62
    
    这样煲汤才滋补/萨巴蒂娜主编.-北京:中国轻工业出版社,2019
    183页:彩图;24cm
    轻料理
    
    ISBN 978-7-5184-2651-5:CNY39.80
    本书中每一道煲汤食谱,食材都经过精心的搭配。跟随步骤图解和烹饪要点,只要把食材放进锅中,煲汤就不再是一件难事。简单易懂的营养指南,让你轻松选择出更适合自己体质的汤水。
●
相关链接 在五车中查询图书 在当当中查询图书 在豆瓣中查询图书


正题名:这样煲汤才滋补     索取号:TS972.12/62         预约/预借

序号 登录号 条形码 馆藏地/架位号 状态 备注
1 2000925935   2000925935   第四书库/四28架A面2层3列/ [索取号:TS972.12/62] 在馆    
2 2000925936   2000925936   第四书库/四28架A面2层3列/ [索取号:TS972.12/62] 在馆    
3 2000925937   2000925937   第四书库/四28架A面2层3列/ [索取号:TS972.12/62] 在馆    
4 2000925938   2000925938   第四书库/四28架A面2层3列/ [索取号:TS972.12/62] 在馆    
5 2000925939   2000925939   第四书库/四28架A面2层3列/ [索取号:TS972.12/62] 在馆    
6 2000925940   2000925940   第四书库/四28架A面2层3列/ [索取号:TS972.12/62] 在馆    
山东省滨州职业学院图书馆 欢迎您!
大连网信软件有限公司© 版权所有